The survey on dairy cow raising of association koh krabey viilage prek thmey commune keansvay district kandal province, ការអង្កេតទៅលើការចិញ្ចឹមគោទឹកដោះរបស់សហគមន៏ចិញ្ចឹមគោទឹកដោះ នៅភូមិកោះក្របី ឃុំព្រែកថ្មី ស្រុកគៀនស្វាយ ខេត្តកណ្តាល (Record no. 2223)
[ view plain ]
| 000 -LEADER | |
|---|---|
| fixed length control field | 00808nam a22001577a 4500 |
| 003 - CONTROL NUMBER IDENTIFIER | |
| control field | OSt |
| 005 - DATE AND TIME OF LATEST TRANSACTION | |
| control field | 20151008143721.0 |
| 008 - FIXED-LENGTH DATA ELEMENTS--GENERAL INFORMATION | |
| fixed length control field | 151008b xxu||||| |||| 00| 0 eng d |
| 040 ## - CATALOGING SOURCE | |
| Transcribing agency | RUA |
| 082 ## - DEWEY DECIMAL CLASSIFICATION NUMBER | |
| Classification number | AVM SAN 2008 B080 Or.1 |
| 100 ## - MAIN ENTRY--PERSONAL NAME | |
| 9 (RLIN) | 2360 |
| Personal name | SAN, SAMUTH. |
| 245 ## - TITLE STATEMENT | |
| Title | The survey on dairy cow raising of association koh krabey viilage prek thmey commune keansvay district kandal province, ការអង្កេតទៅលើការចិញ្ចឹមគោទឹកដោះរបស់សហគមន៏ចិញ្ចឹមគោទឹកដោះ នៅភូមិកោះក្របី ឃុំព្រែកថ្មី ស្រុកគៀនស្វាយ ខេត្តកណ្តាល |
| Statement of responsibility, etc. | . |
| 260 ## - PUBLICATION, DISTRIBUTION, ETC. (IMPRINT) | |
| Place of publication, distribution, etc. | Phnom Penh |
| Name of publisher, distributor, etc. | RUA |
| Date of publication, distribution, etc. | 2008 |
| 300 ## - PHYSICAL DESCRIPTION | |
| Extent | ix; 41p. |
| Other physical details | ill. |
| Dimensions | 29cm. |
| 942 ## - ADDED ENTRY ELEMENTS (KOHA) | |
| Source of classification or shelving scheme | |
| Koha item type | AVM |
| Price effective from | Date last seen | Permanent Location | Not for loan | Date acquired | Source of classification or shelving scheme | Koha item type | Lost status | Withdrawn status | Total Renewals | Date last checked out | Total Checkouts | Shelving location | Damaged status | Barcode | Current Location | Full call number |
|---|---|---|---|---|---|---|---|---|---|---|---|---|---|---|---|---|
| 2015-10-08 | 2022-03-15 | Library Block B | 2015-10-08 | AVM | 2022-03-14 | 4 | B080 | RUA008621 | Library Block B | AVM SAN 2008 B080 Or.1 | ||||||
| 2015-10-08 | 2022-01-04 | Library Block B | 2015-10-08 | AVM | 2021-12-20 | 2 | B080 | RUA007971 | Library Block B | AVM SAN 2008 B080 Or.2 | ||||||
| 2015-10-08 | 2024-10-30 | Library Block B | 2015-10-08 | AVM | 2 | 2024-02-13 | 5 | B080 | RUA007899 | Library Block B | AVM SAN 2008 B080 Or.3 | |||||
| 2015-10-08 | 2015-10-08 | Library Block B | 2015-10-08 | AVM | B080 | RUA008639 | Library Block B | AVM SAN 2008 B080 Or.4 | ||||||||
| 2015-10-08 | 2023-11-14 | Library Block B | 2015-10-08 | AVM | 2023-11-03 | 4 | B080 | RUA008620 | Library Block B | AVM SAN 2008 B080 Or.5 | ||||||
| 2015-10-08 | 2025-02-05 | Library Block B | 2015-10-08 | AVM | 2025-01-06 | 6 | B080 | RUA025397 | Library Block B | AVM SAN 2008 B080 Or.6 | ||||||
| 2015-10-08 | 2024-04-08 | Library Block B | 2015-10-08 | AVM | 2024-03-28 | 3 | B080 | RUA025292 | Library Block B | AVM SAN 2008 B080 Or.7 | ||||||
| 2015-10-08 | 2016-05-25 | Library Block B | 2015-10-08 | AVM | 1 | 2016-05-19 | 1 | B080 | RUA025438 | Library Block B | AVM SAN 2008 B080 Or.8 | |||||
| 2015-10-08 | 2023-12-27 | Library Block B | 2015-10-08 | AVM | 2023-12-12 | 4 | B080 | RUA025182 | Library Block B | AVM SAN 2008 B080 Or.9 |